000 00364nam a22001457a 4500
999 _c258926
_d258925
003 OSt
005 20200803123858.0
008 200803b xxu||||| |||| 00| 0 eng d
040 _cN/A
100 _aRudyard Kiplings
245 _aRudyard Kiplings Verse
250 _aDefinitive Edition
260 _aNew York
_bDoubleday and Company INC
_c1939
942 _2lcc
_cBK